Máy và thiết bị lạnh /
Giới thiệu kết cấu, cấu tạo, nguyên lý làm việc, phương pháp vận hành, duy tu, bảo dưỡng, sửa chữa, lựa chọn thiết bị phù hợp.
Uloženo v:
| Hlavní autor: | |
|---|---|
| Další autoři: | |
| Médium: | Kniha |
| Jazyk: | Vietnamese |
| Vydáno: |
Hà Nội :
Giáo dục,
1999.
|
| Témata: | |
| Tagy: |
Přidat tag
Žádné tagy, Buďte první, kdo otaguje tento záznam!
|
| Thư viện lưu trữ: | Mạng thư viện Đại học Đà Nẵng |
|---|
| LEADER | 01107cam a2200373 a 4500 | ||
|---|---|---|---|
| 001 | 000043490 | ||
| 003 | 1460 | ||
| 005 | 20060307124500.0 | ||
| 008 | 010217b1999 vm 000 vie | ||
| 020 | |c 26000 | ||
| 022 | |a T | ||
| 040 | |a IRC |c IRC |d IRC | ||
| 041 | 0 | |a vie | |
| 082 | 1 | 4 | |a 621.5 |b NG-L |
| 100 | 1 | |a Nguyễn Đức Lợi. | |
| 245 | 0 | 0 | |a Máy và thiết bị lạnh / |c Nguyễn Đức Lợi, Phạm Văn Tuỳ. |
| 260 | |a Hà Nội : |b Giáo dục, |c 1999. | ||
| 300 | |a 292tr. ; |c 27cm. | ||
| 520 | 3 | |a Giới thiệu kết cấu, cấu tạo, nguyên lý làm việc, phương pháp vận hành, duy tu, bảo dưỡng, sửa chữa, lựa chọn thiết bị phù hợp. | |
| 630 | 0 | 4 | |a Điện lạnh. |
| 630 | 0 | 4 | |a Máy lạnh. |
| 630 | 0 | 4 | |a Thiết bị lạnh. |
| 650 | 0 | 4 | |a Điện lạnh |x Thiết bị. |
| 700 | 1 | |a Phạm Văn Tuỳ. | |
| OWN | |a DUT | ||
| 999 | |a From the UDN01 | ||
| TYP | |a Monograph | ||
| TYP | |a Printed language | ||
| 980 | |a Mạng thư viện Đại học Đà Nẵng | ||